| 000 | 01724nam a2200493 i 4500 | ||
|---|---|---|---|
| 001 | 40708 | ||
| 003 | KOSZ 005 | ||
| 005 | 20200207140429.0 | ||
| 008 | 011211s2001 pl a f f |001 0 pol | ||
| 015 | _aPB 2014/5256 | ||
| 020 | _a8320426545 | ||
| 035 | _a991017409859705066 | ||
| 035 | _a(PL-WaBN)b14704262-48omnis_nlop | ||
| 035 | _ab14704262 | ||
| 035 | _a(OCoLC)749413794 | ||
| 035 | _a(PL)b0000001470426 | ||
| 035 | _a(EXLNZ-48OMNIS_NETWORK)9910424509205606 | ||
| 040 |
_aWA N _cWA N _dKOSZ 005/HR |
||
| 046 | _k2001 | ||
| 080 | _a(075.8) | ||
| 080 | _a621.38:537.533 | ||
| 100 | 1 |
_aBielecki, Zbigniew _c(elektronika) _eAutor |
|
| 245 | 1 | 0 |
_aDetekcja sygnałów optycznych / _cZbigniew Bielecki, Antoni Rogalski. |
| 260 |
_aWarszawa : _bWydawnictwa Naukowo-Techniczne, _c2001. |
||
| 300 |
_a399, [1] s. : _bil. ; _c25 cm. |
||
| 336 |
_2rdacontent _aTekst _btxt |
||
| 337 |
_2rdamedia _aBez urządzenia pośredniczącego _bn |
||
| 338 |
_2rdacarrier _aWolumin _bnc |
||
| 380 | _aKsiążki | ||
| 380 | _aPublikacje dydaktyczne | ||
| 385 |
_mPoziom nauczania _aSzkoły wyższe |
||
| 388 | _a2001- | ||
| 504 | _aBibliogr. przy rozdz. Indeks. | ||
| 521 | 8 | _aDla studentów elektroniki, telekomunikacji, automatyki, mechatroniki, techniki wojskowej oraz fizyki. | |
| 650 | 7 |
_aCzujniki optyczne _2DBN |
|
| 655 | 7 |
_aPodręczniki akademickie _2DBN |
|
| 658 | _aInżynieria i technika | ||
| 700 | 1 |
_aRogalski, Antoni _d(1946- ) _eAutor |
|
| 710 | 2 |
_aWydawnictwa Naukowo-Techniczne _4pbl |
|
| 856 |
_uhttp://koha.tu.koszalin.pl/cgi-bin/koha/opac-detail.pl?biblionumber=40708 _yKatalog online BPK |
||
| 942 |
_2UKD _cKS |
||
| 999 |
_c40708 _d40708 |
||